Name the Welsh Counties - Statistics

General Stats
  • This quiz has been taken 298 times
  • The average score is 10 of 22
Answer Stats
Answer % Correct
4 Cardiff
83%
19 Swansea
72%
17 Powys
70%
11 Isle of Anglesey
67%
15 Newport
63%
22 Wrexham
61%
10 Gwynedd
57%
6 Ceredigion
55%
13 Monmouthshire
55%
9 Flintshire
50%
5 Carmarthenshire
47%
7 Conwy
45%
8 Denbighshire
44%
3 Caerphilly
40%
2 Bridgend
35%
14 Neath Port Talbot
33%
21 Vale of Glamorgan
32%
12 Merthyr Tydfil
31%
20 Torfaen
28%
16 Pembrokshire
27%
1 Blaenau Gwent
26%
18 Rhondda Cynon Taff
22%
No matching quizzes found
Score Distribution
Percent of People with Each Score
Percentile by Number Answered
Your Score History
You have not taken this quiz